Hình ảnh điểm đến tác động tới ý định trở lại Quảng Ngãi của du khách : Luận văn thạc sĩ - Chuyên ngành: Quản trị kinh doanh

সংরক্ষণ করুন:
গ্রন্থ-পঞ্জীর বিবরন
প্রধান লেখক: Bùi, Ngọc Duy
বিন্যাস: Luận văn
ভাষা:Undetermined
প্রকাশিত: Đại học Công nghiệp TP. Hồ Chí Minh 2023
বিষয়গুলি:
অনলাইন ব্যবহার করুন:https://opac.iuh.edu.vn/TraCuuTaiLieuSo2XemChiTiet.aspx?Id=119819
ট্যাগগুলো: ট্যাগ যুক্ত করুন
কোনো ট্যাগ নেই, প্রথমজন হিসাবে ট্যাগ করুন!
Thư viện lưu trữ: Trung tâm Thư viện - Trường Đại học Công nghiệp TP. Hồ Chí Minh
LEADER 00794nam a2200169Ia 4500
001 UIH_02401
008 230809s9999 xx 000 0 und d
082 |a 658.834 
100 |a Bùi, Ngọc Duy 
245 0 |a Hình ảnh điểm đến tác động tới ý định trở lại Quảng Ngãi của du khách : Luận văn thạc sĩ - Chuyên ngành: Quản trị kinh doanh 
245 0 |c Bùi, Ngọc Duy 
260 |b Đại học Công nghiệp TP. Hồ Chí Minh 
260 |c 2023 
650 |a Quản trị kinh doanh;Nghiên cứu người tiêu dùng; 
856 |u https://opac.iuh.edu.vn/TraCuuTaiLieuSo2XemChiTiet.aspx?Id=119819 
927 |a Luận văn 
980 |a Trung tâm Thư viện - Trường Đại học Công nghiệp TP. Hồ Chí Minh